000 00647nam a2200229 a 4500
001 BRL_832
005 20190320210921.0
008 141013s1923----gw-a######---#000-0#ger-#
041 _ager
044 _agw
050 4 _aN5350
_b.F43 1923
100 1 _aFechheimer, Hedwig
_925077
245 1 0 _aDie Plastik der Ägypter
_bmit 168 abbildungen
_cvon Hedwig Fechheimer.
260 _aBerlin
_bBruno Cassirer
_c1923
300 _a58 p.
_bil., 168 láminas
_c26 cm.
440 0 _aDie kunst des ostens
_vBand 1
_925078
500 _aAu931
650 1 4 _aArte egipcio
_925079
651 4 _aEgipto
_xAntigüedades
_916621
902 _aGRL
942 _2lcc
_cB
999 _c9644
_d9644